000 00671nam a22002297a 4500
003 UA-OsUOA
001 39702
007 ta
008 20080516b un ||||| |||| 00| 0 ukr d
090 _a012
_bР79
942 _cBK
040 _aUA-OsUOA
_bukr
_cUA-OsUOA
_dUA-OsUOA
245 _aРотач Петро Петрович. Біобібліографічний покажчик
300 _a188 с.
955 _a1
041 _aukr
080 _a012
020 _a978-966-02-4364-4
260 _aК.
_bІнститут історії України
_c2007
650 7 _a01 Бібліографія і бібліографії. Каталоги
_2UDC
999 _c438211
_d438211